[Event "NAYCC U16"]
[Site "Windsor CAN"]
[Date "2016.08.07"]
[Round "1.49"]
[White "Aldrich, Michael"]
[Black "Sowa, Ryan"]
[Result "0-1"]
[WhiteElo "1279"]
[BlackElo "1948"]
[PlyCount "58"]
[EventDate "2016.08.07"]
[EventType "swiss"]
[EventRounds "9"]
[EventCountry "CAN"]

1. e4 d6 2. d4 Nf6 3. Bd3 e5 4. dxe5 dxe5 5. Nf3 Bc5 6. Bg5 Qe7 7. Nc3 c6 8.
O-O Nbd7 9. Qd2 h6 10. Bh4 Nf8 11. Rfe1 Ng6 12. Bg3 Nh5 13. Rad1 O-O 14. Bc4 b5
15. Bb3 Bg4 16. Kh1 Rad8 17. Qc1 Bxf3 18. gxf3 Qf6 19. Kg2 Nh4+ 20. Bxh4 Qxh4
21. Kh1 Qh3 22. Rf1 Qxf3+ 23. Kg1 Nf4 24. Qxf4 exf4 25. Rxd8 Rxd8 26. e5 b4 27.
Na4 Bxf2+ 28. Rxf2 Rd1+ 29. Rf1 Rxf1# 0-1

[Event "NAYCC U16"]
[Site "Windsor CAN"]
[Date "2016.08.08"]
[Round "2.30"]
[White "Nguyen, Tan"]
[Black "Li, Zhaozhi"]
[Result "0-1"]
[WhiteElo "1972"]
[BlackElo "2305"]
[PlyCount "122"]
[EventDate "2016.08.07"]
[EventType "swiss"]
[EventRounds "9"]
[EventCountry "CAN"]

1. d4 Nf6 2. c4 e6 3. Nf3 b6 4. g3 Bb7 5. Bg2 Be7 6. O-O O-O 7. Nc3 Ne4 8. Qd3
Nxc3 9. Qxc3 c5 10. dxc5 bxc5 11. Rd1 d6 12. Qd3 Nc6 13. e4 Qc7 14. Bf4 Rfd8
15. Qe2 Bf6 16. Rab1 a5 17. Qe3 h6 18. g4 g5 19. Bg3 Bd4 20. Qd2 e5 21. h4 f6
22. Nxd4 Nxd4 23. f3 Qf7 24. b3 Bc6 25. Bf2 Qe6 26. h5 Rdb8 27. Bxd4 exd4 28.
Bf1 Qe5 29. Kg2 Rb4 30. Bd3 a4 31. Bc2 axb3 32. axb3 Ra2 33. Qd3 Rb7 34. Ra1
Rba7 35. Rxa2 Rxa2 36. Rd2 Qf4 37. Rf2 Kf8 38. Qd2 Qxd2 39. Rxd2 d3 40. Rxd3
Rxc2+ 41. Kf1 Ke7 42. Ke1 Ke6 43. Kd1 Rg2 44. Rd2 Rg1+ 45. Ke2 Ke5 46. Ke3 Rb1
47. Rd3 Rb2 48. Rc3 Rg2 49. Rc1 Rh2 50. Rd1 Bxe4 51. fxe4 Rh3+ 52. Ke2 Rxb3 53.
Rd5+ Ke6 54. Rd3 Rb1 55. Rc3 Ke5 56. Ke3 Ra1 57. Rc2 Ra3+ 58. Ke2 Kxe4 59. Rd2
Ke5 60. Rd5+ Ke6 61. Kf2 Rc3 0-1

[Event "NAYCC U16"]
[Site "Windsor CAN"]
[Date "2016.07.08"]
[Round "2.31"]
[White "Lu, Albert"]
[Black "Yen, Michael"]
[Result "1/2-1/2"]
[WhiteElo "2235"]
[BlackElo "1969"]
[PlyCount "41"]
[EventDate "2016.08.07"]
[EventType "swiss"]
[EventRounds "9"]
[EventCountry "CAN"]

1. d4 Nf6 2. Bf4 e6 3. e3 Be7 4. h3 O-O 5. Nf3 b6 6. Bd3 Bb7 7. Nbd2 c5 8. O-O
cxd4 9. exd4 d6 10. c3 Nbd7 11. a4 Re8 12. Bh2 Bf8 13. Re1 e5 14. Qc2 Qc7 15.
Ne4 Bxe4 16. Bxe4 Nxe4 17. Qxe4 Nf6 18. Qf5 e4 19. Ng5 Qc8 20. Qxc8 Raxc8 21.
f3 1/2-1/2

[Event "NAYCC U16"]
[Site "Windsor CAN"]
[Date "2016.08.08"]
[Round "2.32"]
[White "Maruvada, Shaunak"]
[Black "Bellissimo, Joseph"]
[Result "0-1"]
[WhiteElo "1966"]
[BlackElo "2142"]
[PlyCount "58"]
[EventDate "2016.08.07"]
[EventType "swiss"]
[EventRounds "9"]
[EventCountry "CAN"]

1. d4 Nf6 2. c4 e6 3. Nc3 Bb4 4. Qc2 O-O 5. a3 Bxc3+ 6. Qxc3 b5 7. cxb5 c6 8.
bxc6 Nxc6 9. Bg5 Bb7 10. e3 Rc8 11. Qd2 Na5 12. Bxf6 gxf6 13. Qd1 Bd5 14. Bd3
Nb3 15. Bxh7+ Kh8 16. Bd3 Qa5+ 17. Kf1 Nd2+ 18. Ke1 Bxg2 19. b4 Qd5 20. Kxd2
Bxh1 21. Qg4 Rg8 22. Qh4+ Kg7 23. Ne2 Bg2 24. Nf4 Qb3 25. Qh7+ Kf8 26. Rc1 Rxc1
27. Kxc1 Qc3+ 28. Kb1 Be4 29. Qh6+ Ke7 0-1

[Event "NAYCC U16"]
[Site "Windsor CAN"]
[Date "2016.08.08"]
[Round "2.33"]
[White "Fields, Noah"]
[Black "Ramasamy, Vikram"]
[Result "1/2-1/2"]
[WhiteElo "1963"]
[BlackElo "2046"]
[PlyCount "153"]
[EventDate "2016.08.07"]
[EventType "swiss"]
[EventRounds "9"]
[EventCountry "CAN"]

1. e4 Nf6 2. e5 Nd5 3. d4 d6 4. Nf3 Nb6 5. Be2 g6 6. O-O Bg7 7. b3 O-O 8. Bb2
Nc6 9. Re1 a5 10. a3 Bf5 11. Nbd2 Re8 12. Qc1 h6 13. Nf1 g5 14. Ng3 Bg6 15. Bb5
e6 16. c4 d5 17. c5 Nc8 18. Qd1 N8e7 19. Bd3 Rf8 20. Qc2 b6 21. cxb6 cxb6 22.
Rac1 Rc8 23. Qe2 Qd7 24. Bb5 Qa7 25. Nd2 Nb8 26. Nh5 Nd7 27. Nxg7 Kxg7 28. Bd3
Rfd8 29. Bxg6 Nxg6 30. g3 Ne7 31. Qg4 Kh7 32. Qf3 Kg7 33. Qd3 Nf5 34. Nb1 Nb8
35. Nc3 Qd7 36. Na4 Qb7 37. Nc3 Nc6 38. Nb5 Qd7 39. a4 Na7 40. g4 Ne7 41. Nd6
Rxc1 42. Bxc1 Nac8 43. Nb5 Na7 44. Nxa7 Qxa7 45. f4 gxf4 46. Bxf4 Ng6 47. Bd2
Rc8 48. Qe3 Rh8 49. Rf1 h5 50. gxh5 Rxh5 51. Qf3 Rf5 52. Qe3 Rxf1+ 53. Kxf1 Qc7
54. Qc3 Qxc3 55. Bxc3 Ne7 56. Kf2 Kg6 57. b4 axb4 58. Bxb4 Nc6 59. Bc3 Kf5 60.
Kf3 Ne7 61. h3 Nc6 62. Ke3 Ne7 63. Bb4 Nc6 64. Bc3 Kg5 65. Be1 Ne7 66. Bd2 Kh4
67. Bb4 Nc8 68. Bd6 Kxh3 69. Bc7 Kg3 70. Bd8 Kg4 71. Kd3 Kf4 72. Kc3 Ke4 73.
Bc7 Ke3 74. Bd8 Kf4 75. Bc7 Ke4 76. Bd8 Kf5 77. Kd3 1/2-1/2

[Event "NAYCC U16"]
[Site "Windsor CAN"]
[Date "2016.08.08"]
[Round "2.34"]
[White "Sowa, Ryan"]
[Black "Asaria, Danial"]
[Result "1-0"]
[WhiteElo "1948"]
[BlackElo "2038"]
[Annotator ",Microsoft"]
[PlyCount "37"]
[EventDate "2016.08.07"]
[EventType "swiss"]
[EventRounds "9"]
[EventCountry "CAN"]

1. Nf3 c5 2. c4 Nc6 3. d4 cxd4 4. Nxd4 Nf6 5. Nc3 e6 6. a3 d5 7. cxd5 exd5 8.
g3 Bc5 9. Be3 Bb6 10. h3 O-O 11. Bg2 Re8 12. O-O Bd7 13. Re1 Rxe3 14. fxe3 Qc7
15. g4 Qg3 16. Nc2 Ne5 17. Rf1 Bxg4 18. Qe1 Qxe1 19. Raxe1 {
etc. White won in 39 moves.} 1-0

[Event "NAYCC U16"]
[Site "Windsor CAN"]
[Date "2016.08.08"]
[Round "2.35"]
[White "Wang, Warren"]
[Black "Maulucci, Anthony"]
[Result "0-1"]
[WhiteElo "2025"]
[BlackElo "1786"]
[PlyCount "105"]
[EventDate "2016.08.07"]
[EventType "swiss"]
[EventRounds "9"]
[EventCountry "CAN"]

1. d4 d5 2. c4 e6 3. Nc3 Nf6 4. cxd5 exd5 5. Bg5 Be7 6. e3 c6 7. Bd3 O-O 8. Qc2
Nbd7 9. Nge2 Re8 10. O-O Nf8 11. f3 g6 12. Rad1 Ne6 13. Bh4 Nh5 14. Bf2 f5 15.
Rb1 a5 16. a3 Bg5 17. b4 axb4 18. axb4 Neg7 19. Nd1 Bd7 20. Nec3 Nf6 21. Na4 f4
22. exf4 Bxf4 23. Nc5 Qc7 24. g3 Bd6 25. Nxd7 Qxd7 26. Nc3 b5 27. Ne2 Qb7 28.
Nc1 Nd7 29. Qc3 Nb6 30. Nb3 Nc4 31. Nc5 Bxc5 32. dxc5 Ra3 33. Qc2 Ne3 34. Bxe3
Rxe3 35. Rb3 Rxb3 36. Qxb3 Qf7 37. Qd1 Qf6 38. Kg2 Qc3 39. Bxb5 cxb5 40. Qxd5+
Ne6 41. Qa8+ Kg7 42. Qb7+ Kh6 43. Qxb5 Nd4 44. Qd7 Re2+ 45. Kh1 Nxf3 46. Qh3+
Kg5 47. Qxh7 Rxh2+ 48. Qxh2 Nxh2 49. Kxh2 Qxb4 50. c6 Qc4 51. c7 Qxc7 52. Kg2
Kg4 53. Rf4+ 0-1

[Event "NAYCC U16"]
[Site "Windsor CAN"]
[Date "2016.08.08"]
[Round "2.36"]
[White "Chasin, Nico"]
[Black "Zhong, Joey"]
[Result "1/2-1/2"]
[WhiteElo "1752"]
[BlackElo "2024"]
[PlyCount "60"]
[EventDate "2016.08.07"]
[EventType "swiss"]
[EventRounds "9"]
[EventCountry "CAN"]

1. d4 Nf6 2. Nf3 g6 3. g3 Bg7 4. Bg2 O-O 5. O-O d6 6. Nbd2 Nbd7 7. c3 c5 8.
dxc5 Nxc5 9. Nb3 Ne6 10. Nfd4 Rb8 11. Be3 Ng4 12. Nxe6 Nxe3 13. Nxd8 Nxd1 14.
Rfxd1 Rxd8 15. Na5 Bg4 16. Bxb7 Rd7 17. Bc6 Rc7 18. Rd2 Be6 19. Bf3 Rb6 20. Nb3
Bxb3 21. axb3 Rxb3 22. e3 e6 23. Rxd6 Rxb2 24. Rd8+ Bf8 25. Ra8 Rxc3 26. R8xa7
Rcc2 27. Rf1 Kg7 28. Be4 Rd2 29. Rc7 Bd6 30. Rd7 Be5 1/2-1/2

[Event "NAYCC U16"]
[Site "Windsor CAN"]
[Date "2016.08.08"]
[Round "2.38"]
[White "Song, Sam"]
[Black "Habib, Adnan"]
[Result "1-0"]
[WhiteElo "2147"]
[BlackElo "1691"]
[PlyCount "179"]
[EventDate "2016.08.07"]
[EventType "swiss"]
[EventRounds "9"]
[EventCountry "CAN"]

1. e4 d5 2. exd5 Qxd5 3. Nc3 Qa5 4. Bc4 Bf5 5. d3 c6 6. Bd2 Qc7 7. Qe2 e6 8. g4
Bg6 9. f4 Be7 10. Nf3 Nd7 11. O-O-O O-O-O 12. Rde1 Bd6 13. Ne5 Nxe5 14. fxe5
Bc5 15. Rhf1 Ne7 16. Ne4 Bxe4 17. Qxe4 Nd5 18. Rf3 Kb8 19. Ref1 Rd7 20. d4 Bb4
21. Bxb4 Nxb4 22. c3 Nd5 23. Bxd5 cxd5 24. Qd3 a6 25. Rh3 Qd8 26. Qd2 h6 27.
Kb1 Rf8 28. Rhf3 b5 29. Qe1 Qg5 30. Qg3 Rc8 31. h4 Qg6+ 32. Ka1 b4 33. h5 Qg5
34. Qf4 Qd8 35. cxb4 Qb6 36. a3 Rc4 37. Rd1 Rdc7 38. Qe3 a5 39. bxa5 Qxa5 40.
Qd2 Qa4 41. Ka2 Ra7 42. Rb3+ Ka8 43. Qd3 Rac7 44. Qh7 Ka7 45. Qg8 Qc6 46. Rf1
Rc2 47. Qb8+ Ka6 48. Rff3 Rc8 49. Qb4 Rc4 50. Qd2 Rc7 51. Rb4 Rc2 52. Qd3+ Ka5
53. Qb3 Rc1 54. Rc3 Rxc3 55. bxc3 f6 56. Kb2 fxe5 57. dxe5 Rf7 58. a4 Rf2+ 59.
Kc1 Rf3 60. Kd2 Rf2+ 61. Ke1 Rf3 62. Kd2 Rf2+ 63. Ke3 Rh2 64. Rb5+ Ka6 65. Qb4
d4+ 66. Kxd4 Rd2+ 67. Ke3 Re2+ 68. Kxe2 Qg2+ 69. Kd3 Qf1+ 70. Kc2 Qe2+ 71. Kb3
Qd1+ 72. Ka2 Qc2+ 73. Ka3 Qc1+ 74. Qb2 Qe3 75. Qb3 Qc1+ 76. Kb4 Qf4+ 77. Qc4
Qf8+ 78. Rc5+ Ka7 79. Qb5 g5 80. Qd7+ Ka8 81. Qc8+ Qxc8 82. Rxc8+ Kb7 83. Re8
Kc6 84. Rxe6+ Kd5 85. Rxh6 Kxe5 86. Rg6 Kf4 87. h6 Kxg4 88. h7 Kf5 89. Rxg5+
Kxg5 90. h8=Q 1-0

[Event "NAYCC U16"]
[Site "Windsor CAN"]
[Date "2016.08.08"]
[Round "2.40"]
[White "Sinha, Sahil"]
[Black "Shamroni, Dennis"]
[Result "1-0"]
[WhiteElo "2140"]
[BlackElo "1917"]
[PlyCount "87"]
[EventDate "2016.08.07"]
[EventType "swiss"]
[EventRounds "9"]
[EventCountry "CAN"]

1. d4 Nf6 2. c4 e6 3. Nc3 Bb4 4. Qc2 c5 5. dxc5 Na6 6. Nf3 Nxc5 7. g3 Nce4 8.
Bg2 Qa5 9. Nd2 Bxc3 10. Bxe4 Nxe4 11. Qxe4 Bf6 12. O-O O-O 13. Nb3 Qe5 14. Qd3
Qc7 15. Rd1 b6 16. Bf4 Be5 17. Qe4 Bxf4 18. gxf4 Bb7 19. Qd4 d5 20. Rac1 dxc4
21. Rxc4 Qe7 22. Qe5 Qh4 23. f3 Rad8 24. Rcd4 Rd5 25. Rxd5 Bxd5 26. Nd4 Rc8 27.
b3 Qf6 28. e4 Qxe5 29. fxe5 Bb7 30. Nb5 f6 31. Nxa7 Ra8 32. Nb5 h6 33. exf6
gxf6 34. Rd6 Ba6 35. Nc7 Ra7 36. Nxe6 Be2 37. Nd4 Rxa2 38. Rxf6 b5 39. Rxh6 Bd1
40. e5 Rb2 41. Rb6 Rb1 42. Kf2 Bxb3 43. Rxb5 Rb2+ 44. Kg3 1-0

[Event "NAYCC U16"]
[Site "Windsor CAN"]
[Date "2016.08.08"]
[Round "2.41"]
[White "Saha, Ananda"]
[Black "Handigol, Abhishek"]
[Result "0-1"]
[WhiteElo "2140"]
[BlackElo "1905"]
[PlyCount "80"]
[EventDate "2016.08.07"]
[EventType "swiss"]
[EventRounds "9"]
[EventCountry "CAN"]

1. d4 Nf6 2. c4 e6 3. Nc3 Bb4 4. e3 O-O 5. Bd3 d5 6. Nge2 c5 7. cxd5 exd5 8. a3
Bxc3+ 9. bxc3 Re8 10. O-O b6 11. Re1 Ba6 12. f3 Bxd3 13. Qxd3 Nc6 14. Ng3 Rc8
15. Bb2 h5 16. e4 cxd4 17. cxd4 h4 18. Nf5 g6 19. Nxh4 Nh5 20. g3 dxe4 21. fxe4
Ne5 22. Qe2 Nc4 23. Nf3 Nf6 24. e5 Qd5 25. Bc1 Na5 26. Bg5 Nb3 27. Bxf6 Nxa1
28. Rxa1 Rc6 29. Qf2 Rc3 30. Rf1 Rec8 31. g4 Kf8 32. e6 Qxe6 33. Ne5 Rh3 34.
Bg5 Rc7 35. Qf4 Kg8 36. Bd8 Rc2 37. Rf2 Rxf2 38. Qxf2 Qd5 39. Bf6 Rxa3 40. Nf3
Qxf3 0-1

[Event "NAYCC U16"]
[Site "Windsor CAN"]
[Date "2016.08.08"]
[Round "2.42"]
[White "Xu, Jeffrey"]
[Black "Fan, Run Kun"]
[Result "1-0"]
[WhiteElo "2004"]
[BlackElo "1890"]
[PlyCount "61"]
[EventDate "2016.08.07"]
[EventType "swiss"]
[EventRounds "9"]
[EventCountry "CAN"]

1. e4 Nf6 2. e5 Nd5 3. d4 d6 4. c4 Nb6 5. exd6 cxd6 6. Nc3 g6 7. Be3 Bg7 8. Rc1
Nc6 9. b3 O-O 10. d5 Ne5 11. Be2 a5 12. f4 Ned7 13. Nf3 Nf6 14. O-O Bg4 15. h3
Bxf3 16. Rxf3 Rc8 17. Kh2 Nfd7 18. Bd4 Bxd4 19. Qxd4 Nf6 20. Bd3 Nbd7 21. Re1
Nc5 22. Rfe3 e6 23. dxe6 Nxe6 24. Rxe6 fxe6 25. Rxe6 d5 26. Nxd5 Nxd5 27. cxd5
Rc6 28. d6 Qb6 29. Qe5 Qc5 30. Re7 Qc3 31. Bc4+ 1-0

[Event "NAYCC U16"]
[Site "Windsor CAN"]
[Date "2016.08.08"]
[Round "2.43"]
[White "Pan, Christopher"]
[Black "D'Amore, Tyler"]
[Result "1/2-1/2"]
[WhiteElo "1975"]
[BlackElo "1808"]
[PlyCount "36"]
[EventDate "2016.08.07"]
[EventType "swiss"]
[EventRounds "9"]
[EventCountry "CAN"]

1. e4 e5 2. Nf3 Nc6 3. Bb5 a6 4. Ba4 Nf6 5. O-O b5 6. Bb3 Bc5 7. a4 Rb8 8. c3
d6 9. d4 exd4 10. cxd4 Bb6 11. axb5 axb5 12. Na3 Bg4 13. Nxb5 O-O 14. Bc2 Re8
15. Re1 h6 16. Ra3 Re7 17. Rae3 Bh5 18. R3e2 Ba5 1/2-1/2

[Event "NAYCC U16"]
[Site "Windsor CAN"]
[Date "2016.08.08"]
[Round "2.44"]
[White "Miyasaka, Matthew"]
[Black "Perkins, Josiah"]
[Result "1-0"]
[WhiteElo "1971"]
[BlackElo "1759"]
[PlyCount "97"]
[EventDate "2016.08.07"]
[EventType "swiss"]
[EventRounds "9"]
[EventCountry "CAN"]

1. e4 e6 2. d4 d5 3. exd5 exd5 4. c4 c6 5. Nc3 Be6 6. cxd5 cxd5 7. Nf3 Bd6 8.
Bd3 Ne7 9. Qe2 Nbc6 10. O-O Bg4 11. Be3 Qc7 12. h3 Bh5 13. a3 a6 14. b4 Rc8 15.
Rfc1 f6 16. Rab1 O-O 17. b5 axb5 18. Nxb5 Qd7 19. Nxd6 Qxd6 20. Rc3 Ra8 21. g4
Bg6 22. Qd2 f5 23. Bf4 Qd7 24. g5 Bh5 25. Ne5 Nxe5 26. Bxe5 Nc6 27. Bb5 f4 28.
Bxc6 bxc6 29. Kh2 Qf5 30. Rb7 Rf7 31. Rxf7 Bxf7 32. Bxf4 Be6 33. Be5 Bd7 34. f4
Qb1 35. Qe3 Qb2+ 36. Kg3 Bf5 37. Kh4 g6 38. Bf6 Be4 39. Rb3 Qa2 40. f5 Bxf5 41.
Rb7 Be4 42. Rg7+ Kf8 43. Qf4 Rd8 44. Be7+ Kxg7 45. Qf6+ Kg8 46. Qe6+ Kg7 47.
Bf6+ Kf8 48. Qe7+ Kg8 49. Qg7# 1-0

[Event "NAYCC U16"]
[Site "Windsor CAN"]
[Date "2016.08.08"]
[Round "2.45"]
[White "Kobla, Vishal"]
[Black "Zheng, Maven"]
[Result "1-0"]
[WhiteElo "1941"]
[BlackElo "1746"]
[PlyCount "79"]
[EventDate "2016.08.07"]
[EventType "swiss"]
[EventRounds "9"]
[EventCountry "CAN"]

1. e4 c5 2. Nf3 d6 3. d4 cxd4 4. Nxd4 Nf6 5. Nc3 a6 6. Bg5 e6 7. f4 Nbd7 8. Qf3
Be7 9. O-O-O O-O 10. g4 Qc7 11. Bh4 b5 12. g5 Ne8 13. f5 b4 14. Nce2 e5 15. f6
Bd8 16. Nf5 g6 17. Ne7+ Kh8 18. Nd5 Qa5 19. Kb1 Nc5 20. Be1 Rb8 21. a3 Qb5 22.
axb4 a5 23. Nec3 Qb7 24. b5 Be6 25. h4 Qd7 26. Be2 Nc7 27. Ne3 a4 28. Bg3 Qe8
29. h5 Bd7 30. hxg6 fxg6 31. Rxh7+ Kxh7 32. Qh1+ Kg8 33. Qh6 Bxf6 34. gxf6 Rxf6
35. Rh1 N7e6 36. Qh8+ Kf7 37. Rh7+ Ng7 38. Qxg7+ Ke6 39. Bg4+ Rf5 40. Bxf5+ 1-0

[Event "NAYCC U16"]
[Site "Windsor CAN"]
[Date "2016.08.08"]
[Round "2.46"]
[White "Lee, Stefano"]
[Black "Daggupati, Balaji"]
[Result "0-1"]
[WhiteElo "1592"]
[BlackElo "1932"]
[PlyCount "72"]
[EventDate "2016.08.07"]
[EventType "swiss"]
[EventRounds "9"]
[EventCountry "CAN"]

1. e4 c5 2. d4 cxd4 3. c3 dxc3 4. Nxc3 d6 5. Nf3 e6 6. Bc4 a6 7. O-O Nc6 8. Be3
Nf6 9. a3 Be7 10. Qe2 O-O 11. Rad1 Qc7 12. Bd3 Bd7 13. Qd2 b5 14. b4 Rfd8 15.
Ng5 Ng4 16. f4 Bxg5 17. fxg5 Nxe3 18. Qxe3 Qa7 19. Qf2 Ne5 20. Kh1 Qxf2 21.
Rxf2 Rac8 22. Ne2 Bc6 23. Ng3 Nxd3 24. Rxd3 Bxe4 25. Rd1 Bg6 26. h3 d5 27. Kg1
Rc3 28. Ne2 Rxa3 29. Rc1 Rb3 30. Nd4 Rb1 31. Rff1 Rxc1 32. Rxc1 Kf8 33. Rc7 e5
34. Nc6 Re8 35. Rd7 d4 36. Rd5 Be4 0-1

[Event "NAYCC U16"]
[Site "Windsor CAN"]
[Date "2016.08.08"]
[Round "2.47"]
[White "Zhang, Jeff"]
[Black "Thomson, Aaron"]
[Result "1/2-1/2"]
[WhiteElo "1907"]
[BlackElo "1659"]
[PlyCount "60"]
[EventDate "2016.08.07"]
[EventType "swiss"]
[EventRounds "9"]
[EventCountry "CAN"]

1. e4 e5 2. Nf3 Nc6 3. Bc4 Bc5 4. c3 Nf6 5. d4 exd4 6. cxd4 Bb4+ 7. Nc3 Nxe4 8.
O-O Bxc3 9. d5 Bf6 10. Re1 O-O 11. Rxe4 Na5 12. Bd3 b6 13. Nd4 Nb7 14. Qh5 g6
15. Qf3 Nc5 16. Rf4 Be5 17. Rg4 Bxd4 18. Rxd4 Nxd3 19. Qxd3 Re8 20. Bd2 Qe7 21.
d6 cxd6 22. Rxd6 Ba6 23. Qd4 Qe5 24. Rxd7 Qxd4 25. Rxd4 Rad8 26. Bc3 Rxd4 27.
Bxd4 Rd8 28. Bc3 f5 29. f3 Kf7 30. Re1 Bc4 1/2-1/2

[Event "NAYCC U16"]
[Site "Windsor CAN"]
[Date "2016.08.08"]
[Round "2.48"]
[White "Polavaram, Rithik"]
[Black "Konovalenko, Nicholas"]
[Result "1/2-1/2"]
[WhiteElo "1899"]
[BlackElo "1555"]
[PlyCount "69"]
[EventDate "2016.08.07"]
[EventType "swiss"]
[EventRounds "9"]
[EventCountry "CAN"]

1. d4 Nf6 2. c4 c5 3. d5 b5 4. cxb5 a6 5. bxa6 Bxa6 6. Nc3 d6 7. Nf3 g6 8. Nd2
Bg7 9. e4 Nbd7 10. Bxa6 Rxa6 11. O-O O-O 12. Qc2 e6 13. Nc4 exd5 14. exd5 Re8
15. Bf4 Ne5 16. Bxe5 dxe5 17. d6 Nd7 18. Nd5 Rc6 19. Ne7+ Rxe7 20. dxe7 Qxe7
21. a4 e4 22. a5 Ra6 23. Qb3 Qe6 24. Qb5 Bd4 25. Rac1 Ra8 26. Ra1 Rb8 27. Nb6
Nxb6 28. axb6 Rxb6 29. Ra8+ Kg7 30. Qa5 Rxb2 31. Qd8 Qf5 32. Qf8+ Kf6 33. Qd6+
Kg7 34. Qf8+ Kf6 35. Qd6+ 1/2-1/2

[Event "NAYCC U16"]
[Site "Windsor CAN"]
[Date "2016.08.08"]
[Round "2.49"]
[White "Zhu, Brandon"]
[Black "Aldrich, Michael"]
[Result "1-0"]
[WhiteElo "1861"]
[BlackElo "1279"]
[PlyCount "51"]
[EventDate "2016.08.07"]
[EventType "swiss"]
[EventRounds "9"]
[EventCountry "CAN"]

1. e4 e5 2. f4 d5 3. exd5 exf4 4. Nf3 Nf6 5. Bb5+ c6 6. dxc6 Nxc6 7. d4 Qa5+ 8.
Nc3 Bb4 9. Qe2+ Be6 10. O-O O-O 11. Bxf4 Bxc3 12. bxc3 Qxc3 13. Bd3 Nxd4 14.
Nxd4 Qxd4+ 15. Kh1 Rfe8 16. Be5 Bg4 17. Bxf6 gxf6 18. Qd2 Be2 19. Bxh7+ Kxh7
20. Qxd4 Bxf1 21. Rxf1 Re6 22. h3 Kg6 23. Rf3 Kh5 24. Rf5+ Kg6 25. Qg4+ Kh6 26.
Rh5# 1-0

[Event "NAYCC U16"]
[Site "Windsor CAN"]
[Date "2016.08.08"]
[Round "2.50"]
[White "Hua, Andrew"]
[Black "Zhao, Harry"]
[Result "0-1"]
[WhiteElo "1306"]
[BlackElo "1809"]
[PlyCount "52"]
[EventDate "2016.08.07"]
[EventType "swiss"]
[EventRounds "9"]
[EventCountry "CAN"]

1. e4 e6 2. d4 d5 3. e5 c5 4. c3 Nc6 5. Nf3 Qb6 6. Be2 Nh6 7. O-O cxd4 8. cxd4
Nf5 9. Qa4 Nfxd4 10. Nxd4 Qxd4 11. Bb5 Qxa4 12. Bxa4 Bd7 13. Re1 Nxe5 14. Bb3
Nc4 15. Nc3 Be7 16. Re2 Bc6 17. Bf4 O-O 18. Rc1 b5 19. a4 a6 20. axb5 axb5 21.
Rec2 Bf6 22. Nd1 Bd7 23. Kf1 e5 24. Bg3 Bf5 25. Rc3 d4 26. Rf3 Nd2+ 0-1

[Event "NAYCC U16"]
[Site "Windsor CAN"]
[Date "2016.08.08"]
[Round "3.30"]
[White "Li, Zhaozhi"]
[Black "Yu, Wenlu"]
[Result "1-0"]
[WhiteElo "2305"]
[BlackElo "1993"]
[PlyCount "133"]
[EventDate "2016.08.07"]
[EventType "swiss"]
[EventRounds "9"]
[EventCountry "CAN"]

1. d4 d5 2. c4 e6 3. Nf3 Nf6 4. Nc3 Be7 5. Bf4 O-O 6. e3 b6 7. Be2 Bb7 8. O-O
c5 9. h3 Nc6 10. dxc5 bxc5 11. cxd5 exd5 12. Rc1 a6 13. Bg5 Na5 14. Qd2 h6 15.
Bxf6 Bxf6 16. Rfd1 d4 17. Na4 Re8 18. Nxc5 dxe3 19. Qxd8 exf2+ 20. Kxf2 Raxd8
21. Rxd8 Bxd8 22. b4 Bxf3 23. Bxf3 Bh4+ 24. g3 Bg5 25. Re1 Rc8 26. Nxa6 Nc4 27.
Re2 Na3 28. Bd5 Nb5 29. Bb7 Rc3 30. a4 Nd4 31. Ra2 Nf5 32. Nc5 Be3+ 33. Kg2 Nd6
34. a5 Bxc5 35. bxc5 Rxc5 36. a6 Nb5 37. a7 Nxa7 38. Rxa7 Rc7 39. Ra8+ Kh7 40.
Bd5 g6 41. Kf3 Kg7 42. Kf4 Kf6 43. Ra6+ Ke7 44. Be4 Rc5 45. Bd3 Rd5 46. Be4 Rc5
47. h4 h5 48. Bxg6 fxg6 49. Rxg6 Kf7 50. Rg5 Rc4+ 51. Kf3 Rc3+ 52. Kg2 Rc2+ 53.
Kh3 Rc3 54. Rxh5 Kg6 55. Ra5 Rc4 56. h5+ Kh6 57. g4 Kg7 58. Kh4 Rb4 59. Kg5 Rc4
60. h6+ Kg8 61. Kh5 Rc6 62. g5 Rb6 63. Ra8+ Kh7 64. g6+ Rxg6 65. Ra7+ Kg8 66.
Kxg6 Kh8 67. Ra8# 1-0

[Event "NAYCC U16"]
[Site "Windsor CAN"]
[Date "2016.08.08"]
[Round "3.31"]
[White "Bellissimo, Joseph"]
[Black "Sowa, Ryan"]
[Result "1/2-1/2"]
[WhiteElo "2142"]
[BlackElo "1948"]
[PlyCount "120"]
[EventDate "2016.08.07"]
[EventType "swiss"]
[EventRounds "9"]
[EventCountry "CAN"]

1. e4 e6 2. d4 d5 3. Nd2 c5 4. Ngf3 cxd4 5. exd5 Qxd5 6. Bc4 Qd6 7. O-O Nf6 8.
Nb3 Nc6 9. Nbxd4 Nxd4 10. Nxd4 a6 11. Re1 Qc7 12. Qe2 h6 13. Bd2 Bd6 14. Nxe6
Bxe6 15. Bxe6 fxe6 16. Qxe6+ Kf8 17. Bc3 Re8 18. Qf5 Qf7 19. Bxf6 Rxe1+ 20.
Rxe1 gxf6 21. Re6 Be7 22. Re3 Bd6 23. Re6 Be7 24. g3 Rg8 25. Re4 Rg5 26. Qc8+
Kg7 27. Qxb7 Re5 28. Rxe5 fxe5 29. Qxa6 Qd5 30. Qe2 Qxa2 31. Qxe5+ Bf6 32. Qc7+
Kg8 33. Qc8+ Kh7 34. b3 Bg7 35. Qc6 Qb2 36. h4 Qd4 37. Kg2 Kh8 38. c4 Qb2 39.
c5 Qxb3 40. Qe8+ Kh7 41. Qe4+ Kh8 42. c6 Qf7 43. Qd3 Be5 44. Qd7 Qxd7 45. cxd7
Bc7 46. Kf3 Kg7 47. Kg4 Kg6 48. Kf3 Kf5 49. g4+ Ke6 50. Ke4 Kxd7 51. Kf5 Ke7
52. f4 Kf7 53. h5 Kg7 54. g5 hxg5 55. fxg5 Ba5 56. h6+ Kh7 57. Kf6 Bd8+ 58. Kf5
Bxg5 59. Kxg5 Kg8 60. h7+ Kxh7 1/2-1/2

[Event "NAYCC U16"]
[Site "Windsor CAN"]
[Date "2016.08.08"]
[Round "3.32"]
[White "Maulucci, Anthony"]
[Black "Lu, Albert"]
[Result "0-1"]
[WhiteElo "1786"]
[BlackElo "2235"]
[PlyCount "66"]
[EventDate "2016.08.07"]
[EventType "swiss"]
[EventRounds "9"]
[EventCountry "CAN"]

1. d4 d5 2. c4 e6 3. Nc3 Be7 4. cxd5 exd5 5. Bf4 Nf6 6. e3 O-O 7. Bd3 c5 8.
dxc5 Bxc5 9. Nf3 Nc6 10. O-O d4 11. Nxd4 Nxd4 12. exd4 Bxd4 13. Qc2 Bd7 14.
Rad1 Qb6 15. Qd2 Bg4 16. Be2 Bxc3 17. bxc3 Ne4 18. Bxg4 Nxd2 19. Bxd2 Rfd8 20.
Be3 Qa5 21. Bf3 Rxd1 22. Rxd1 Qxa2 23. Bxb7 Rb8 24. h3 Qb3 25. Bf3 a5 26. Rc1
a4 27. c4 a3 28. c5 a2 29. c6 Qb1 30. c7 Rc8 31. Bg4 Qxc1+ 32. Bxc1 a1=Q 33.
Bxc8 Qxc1+ 0-1

[Event "NAYCC U16"]
[Site "Windsor CAN"]
[Date "2016.08.08"]
[Round "3.33"]
[White "Chen, Richard"]
[Black "Fields, Noah"]
[Result "1-0"]
[WhiteElo "2155"]
[BlackElo "1963"]
[PlyCount "73"]
[EventDate "2016.08.07"]
[EventType "swiss"]
[EventRounds "9"]
[EventCountry "CAN"]

1. e4 c5 2. Nf3 e6 3. d4 cxd4 4. Nxd4 a6 5. Bd3 Bc5 6. Nb3 Be7 7. Qg4 g6 8. Qe2
Bf6 9. f4 Nc6 10. c3 Nge7 11. Be3 d6 12. N1d2 b5 13. O-O O-O 14. Nf3 e5 15.
Rad1 Qc7 16. Qf2 Bg7 17. fxe5 Nxe5 18. Nxe5 dxe5 19. Bb6 Qc6 20. Na5 Qe8 21.
Bc2 Be6 22. Bc5 f6 23. Qd2 Qf7 24. Qd6 Rfe8 25. Bb3 Bxb3 26. axb3 f5 27. Qd7 f4
28. Nb7 Qf6 29. Rd6 Qg5 30. Re6 Bf8 31. Bd6 f3 32. Rxf3 Bh6 33. Ref6 Qc1+ 34.
Rf1 Qe3+ 35. Kh1 Bg7 36. Rf7 Qd3 37. Rxg7+ 1-0

[Event "NAYCC U16"]
[Site "Windsor CAN"]
[Date "2016.08.08"]
[Round "3.34"]
[White "Zhong, Joey"]
[Black "Song, Sam"]
[Result "0-1"]
[WhiteElo "2024"]
[BlackElo "2147"]
[PlyCount "72"]
[EventDate "2016.08.07"]
[EventType "swiss"]
[EventRounds "9"]
[EventCountry "CAN"]

1. e4 c5 2. Nf3 e6 3. c3 d5 4. e5 Nc6 5. d4 Qb6 6. a3 Bd7 7. b4 cxb4 8. cxb4
Rc8 9. Bb2 Nge7 10. Nc3 Nf5 11. Na4 Qd8 12. Nc5 Bxc5 13. dxc5 a6 14. Bd3 Nh4
15. O-O Nxf3+ 16. Qxf3 Ne7 17. Rfe1 Bb5 18. Bc2 Bc4 19. h4 Nc6 20. Qg4 g6 21.
h5 b5 22. hxg6 hxg6 23. Bxg6 fxg6 24. Qxe6+ Ne7 25. Rad1 Rc6 26. Qg4 Qc7 27. f4
Rf8 28. g3 Qc8 29. e6 Rf5 30. Kf2 Rxe6 31. Rxe6 Qxe6 32. Re1 Qf7 33. c6 Kd8 34.
Qh4 Rh5 35. c7+ Kc8 36. Rxe7 Rxh4 0-1